| 000 | 00858nam a22001937a 4500 | ||
|---|---|---|---|
| 999 |
_c11298 _d11298 |
||
| 003 | AR-CdUCM | ||
| 008 | 190401b ||||| |||| 00| 0 spa d | ||
| 040 |
_aMUNICIPALIDAD PROVINCIAL DEL CUSCO _cBIBLIOTECA MUNICIPAL DEL CUSCO |
||
| 082 |
_aEP / 800 / _bED25 |
||
| 110 |
_aFondo editorial navarrete _911579 |
||
| 245 |
_aEducación cívica : _bMediante el desarrollo de actitudes y valores personales, familiares y sociales / |
||
| 260 |
_aLima : _bFondo editorial navarrete, |
||
| 300 |
_a224 paginas ; _c15 cm. |
||
| 505 | _aContenido :La educación cívica -- La persona humana -- Convivencia social -- Condiciones de vida de la población , la violencia y la cultura de paz -- La declaración universal de los derechos del hombre ... | ||
| 650 |
_aEducación cívica _95159 |
||
| 650 |
_aDerechos humanos _93264 |
||
| 942 |
_2ddc _cLIBROS |
||
| 945 | _arum | ||